000 01355nam0a22002651 4500
001 rc\4419527
005 20250612075925.0
021 _aRU
_b[61-74774]
035 _a(NLR Aleph) 008569227
090 _a8514768
_c8514768
100 _a20130416d1961 |||y0rusy50 ca
101 0 _arus
102 _aRU
105 _ay d |||||
200 1 _aРефераты докладов
_fМ-во здравоохранения УССР. Укр. науч.-исслед. психоневрол. ин-т. Кафедра нервных болезней Запорож. гос. ин-та усовершенствования врачей им. М. Горького. Запорож. обл. психоневрол. больница. Запорож. обл. науч.-практ. конференция невропатологов и психиатров. 11-13 окт. 1961 г.
210 _aЗапорожье
_cБ. и.
_d1961
215 _a103 с.
_d21
606 _aПсихиатрия
_jРефераты
_2psbo
606 _aНевропатология
_jРефераты
_2psbo
710 1 2 _aЗапорожская обл. научно-практическая конференция невропатологов и психиатров (7; 1961)
801 0 _aRU
_bNLR
_gpsbo
801 1 _aRU
_bELAR
_2rusmarc
852 _aNLR
_j61-5/4893
942 _cBOOK
980 _aNB